La democracia ausente : el pasado de una ilusión.

Uloženo v:
Podrobná bibliografie
Hlavní autor: Bartra, Roger (autor)
Médium: Kniha
Jazyk:španělština
Edice:(Con una cierta mirada)
Témata:
Tagy: Přidat tag
Žádné tagy, Buďte první, kdo vytvoří štítek k tomuto záznamu!

MARC

LEADER 00000nam^a2200000^u^4500
001 000508687
005 20250521000000.0
008 090831s1000^^^^^^^^^^^^r^^^^^000^0^spa^d
009 20260310130046.545
022 |a 9706513582 
035 |a FCE 000052895 
037 |a Acervo ITESO - Biblioteca 
041 |a spa 
082 0 4 |a 320.972  |b BARd 
100 |a Bartra, Roger  |e (autor) 
245 1 3 |a La democracia ausente :  |b el pasado de una ilusión. 
264 |a México :  |b Oceano,  |c 2000. 
300 |a 225 p. 
336 |a texto  |b txt  |2 rdacontenido 
337 |a sin mediación  |b n  |2 rdamedio 
338 |a volumen  |b nc  |2 rdasoporte 
440 1 |a (Con una cierta mirada) 
649 |a XX 
650 |a Democracia 
650 |a Autoritarismo 
650 |a Política y gobierno 
650 |a Filosofía política 
650 |a México 
910 |a Fondo Centro de Estudios Educativos 
920 |a Impresos - Libros 
930 |a Fondos Especiales 
905 |a 133 
901 |a ALE067104  |b IT2  |c CEE  |u 20250521 
902 |a https://opac.biblio.iteso.mx/vufind/Record/000508687